000 01388nam0a22003011 4500
001 rc\2605727
005 20250623132812.0
035 _a(NLR Aleph) 006769728
090 _a5931809
_c5931809
100 _a20110914d1930 |||y0rusy50 ca
101 0 _arus
102 _aRU
105 _aa z |||||
200 1 _aК новой жизни
_eРабочая книга для III г. обучения в фабрично-заводской и гор. школе первой ступени
_fА. И. Казанский, П. П. Клименко, И. А. Крапчатов и др.
_gСост. под руководством и ред. М. А .Шлепина, Р. И. Млиника и А. Н. Барсукова...
_gМоск. отд. нар. образования
210 _aМосква
_cРаботник просвещения
_d1930
215 _a224 с.
_cил.
_d26 см.
300 _aПеред загл.: Казанский А. И., Клименко П. П., Крапчатов И. А. и др.
702 1 _aШлепин
_bМ.А.
_4340
702 1 _aМлиник
_bР.И.
_4340
702 1 _aБарсуков
_bА.Н.
_4340
702 1 _aКазанский
_bА.И.
_4570
702 1 _aКрапчатов
_bИ.А.
_4570
702 1 _aКлименко
_bП.П.
_4570
801 0 _aRU
_bNLR
_gpsbo
801 1 _aRU
_bELAR
_2rusmarc
852 _aNLR
_j31-5/71
942 _cBOOK
980 _aNB